| 000 | 00724cam a22002653a 4500 | ||
|---|---|---|---|
| 001 | 10841 | ||
| 003 | PGUSA | ||
| 005 | 20140828083229.0 | ||
| 008 | 040101s2004||||xxu|||||s|||||000 | eng d | ||
| 040 |
_aPGUSA _beng |
||
| 042 | _adc | ||
| 050 | 4 | _aDT | |
| 050 | 4 | _aN | |
| 100 | 1 |
_aMaspero, G. _q(Gaston), _d1846-1916 |
|
| 245 | 1 | 0 |
_aL'archéologie égyptienne _h[electronic resource] / _cG. Maspero |
| 260 |
_bProject Gutenberg, _c2004 |
||
| 506 | _aPublic domain in the USA. | ||
| 516 | _aElectronic text | ||
| 653 | _aArt -- Egypt | ||
| 653 | _aEgypt -- Antiquities | ||
| 740 | 0 | _aL'archeologie egyptienne | |
| 830 | 0 |
_aProject Gutenberg _v10841 |
|
| 856 | 4 | 0 | _uhttp://www.gutenberg.org/ebooks/10841 |
| 942 | _cEB | ||
| 999 |
_c240096 _d240096 |
||